00494nam a2200193 a 4500001001300000003000900013005001700022008004100039020001000080082001600090100002700106245002100133260003900154300000800193500003500201505001700236650002000253700002700273nice12345678IN_TiNIC20260116012330.0050524s1988 teha grp 000 0 eng  ac10000a297.2bALB1 aAl-Balagh Foundation,  aMan and Religion aTehranbAl Balagh Foundationc1988 a87p aincludes index and biblioraphy2 aBibliography aIslam-Doctrines1 aAl-Balagh Foundation,